Rivers Remember: (Record no. 183594)

MARC details
000 -LEADER
fixed length control field 00641nam a22001817a 4500
005 - DATE AND TIME OF LATEST TRANSACTION
control field 20211229123051.0
010 ## - LCCN (DPL NO)
LC control number ENG-130745
020 ## - INTERNATIONAL STANDARD BOOK NUMBER
International Standard Book Number 978-93-88-754-033
Terms of availability 499.00
035 ## - SYSTEM CONTROL NUMBER
System control number EN-114277
037 ## - SOURCE OF ACQUISITION
Source of stock number/acquisition DBAD
082 ## - DEWEY DECIMAL CLASSIFICATION NUMBER
Classification number 302.23
100 ## - MAIN ENTRY--PERSONAL NAME
Personal name GE, Krupa
245 ## - TITLE STATEMENT
Title Rivers Remember:
Statement of responsibility, etc Chennairains and the shocking Truth of a Manmade Flood/
Remainder of title Krupa GE
260 ## - PUBLICATION, DISTRIBUTION, ETC. (IMPRINT)
Place of publication, distribution, etc Chennai
Name of publisher, distributor, etc Westland Publications Private Limited
Date of publication, distribution, etc 2003
270 ## - ADDRESS
Address 1st Floor, A Block, East Wing, Plot No. 40, SP Info City, Dr. MGR Salai, Perungudi, Kandanchavadi
City Chennai
Postal code 600096
300 ## - PHYSICAL DESCRIPTION
Extent 218p
Dimensions 22cm(pbk)
942 ## - ADDED ENTRY ELEMENTS (KOHA)
Source of classification or shelving scheme Dewey Decimal Classification
Item type English Books
Classification part 302.23
Call number suffix KRU
Holdings
Withdrawn status Lost status Not for loan Collection code Home library Current library Date acquired Source of acquisition Cost, normal purchase price Full call number Barcode Copy number Cost, replacement price Koha item type
      Non-fiction Patel Nagar Patel Nagar 29/12/2021 DBAD/PUB 499.00 302.23 GEK EN-114277 1 499.00 English Books

© Delhi Public Library
Hit Counter
free hit counter